000 01102nam a22002417a 4500
005 20110118141135.0
008 110118t xxu||||| |||| 00| 0 hin d
010 _aHIN-91516
020 _a9788171246366
_c200.00
035 _aHN-63862
037 _bDBAD / PUB
040 _aDPL
_bHN
082 _a821.08
100 _aगौतम, संजय
_925364
245 _aहिन्दी कहानी में लोकतंत्र /
_cसंजय गौतम
246 _aHindi Kahani mein Lokatantra
_bby Sanjay Gautam
260 _aवाराणसी
_bविश्वविद्यालय प्रकाशन
_c2010
270 _aपो.बाँ 1149, विशालाक्षी भवन, चौक
_bवाराणसी
_e221001
_k0542- 2413741
_mvvp@vsnl.com
300 _a187पृ
_c22सेमी (सजिल्द)
650 _9697
942 _2ddc
_cHN
_mगौतम
_h821.08
999 _c49916
_d49916